[Event "EUSA woman blitz"]
[Site "Budapest"]
[Date "2019.07.28"]
[Round "9.7"]
[White "Voit, Daria"]
[Black "Lach, Aleksandra"]
[Result "1-0"]
[WhiteElo "2339"]
[BlackElo "2173"]
[PlyCount "153"]
[EventDate "2019.07.28"]
[EventType "swiss"]
[EventRounds "9"]
[EventCountry "HUN"]

1. d4 f5 2. c4 Nf6 3. Nc3 d6 4. Bg5 Nbd7 5. Qd3 g6 6. Nh3 Bg7 7. Nf4 Nf8 8.
Nfd5 Ne6 9. h4 O-O 10. Nxf6+ exf6 11. Bd2 h6 12. g4 fxg4 13. Qxg6 Nxd4 14. Bxh6
Rf7 15. Bxg7 Rxg7 16. Qd3 c5 17. Bg2 Bf5 18. Be4 Bxe4 19. Qxe4 Qe8 20. Qxe8+
Rxe8 21. Kf1 g3 22. Rg1 gxf2 23. Kxf2 Nf5 24. Nd5 Rxg1 25. Rxg1+ Kf7 26. h5 Rh8
27. Nf4 Re8 28. Rh1 Ne3 29. b3 Ng4+ 30. Kg3 Nh6 31. Kf3 Nf5 32. Rh2 Re3+ 33.
Kf2 Re4 34. Nd5 Nh6 35. Kf3 Re5 36. Nf4 f5 37. Rg2 Ng4 38. Nd3 Re4 39. h6 Nxh6
40. Rh2 Re6 41. Nf4 Rf6 42. Nd5 Rg6 43. Nf4 Rf6 44. Rh5 Kg7 45. Rg5+ Kf7 46. e3
Ng4 47. Rh5 Ne5+ 48. Kf2 Kg7 49. Rg5+ Kf7 50. Rh5 Kg7 51. Rg5+ Kf7 52. Nd5 Rh6
53. Rxf5+ Ke6 54. Rf8 Rh2+ 55. Kg3 Rxa2 56. Re8+ Kf5 57. Rf8+ Ke6 58. Re8+ Kf5
59. e4+ Kg5 60. Rg8+ Kh6 61. Rd8 Nf7 62. Rd7 Kg7 63. Rxb7 a5 64. Nf4 a4 65.
bxa4 Rxa4 66. Ne6+ Kf6 67. Nf4 Rxc4 68. Nd5+ Kg7 69. Kf4 Rc1 70. Kf5 Rf1+ 71.
Ke6 Kg6 72. Ne7+ Kg7 73. Nf5+ Kg6 74. Rxf7 Re1 75. Rg7+ Kh5 76. Nxd6 c4 77. Rc7
1-0

[Event "EUSA woman blitz"]
[Site "Budapest"]
[Date "2019.07.28"]
[Round "9.8"]
[White "Temel, Burcu Melis"]
[Black "Shuvalova, Polina"]
[Result "0-1"]
[WhiteElo "1790"]
[BlackElo "2418"]
[PlyCount "74"]
[EventDate "2019.07.28"]
[EventType "swiss"]
[EventRounds "9"]
[EventCountry "HUN"]

1. e4 c6 2. d3 d5 3. Nd2 g6 4. Ngf3 Bg7 5. g3 dxe4 6. dxe4 Nf6 7. Bg2 O-O 8.
O-O Nbd7 9. c3 Nc5 10. Qe2 Qd3 11. Re1 Rd8 12. Ne5 Qxe2 13. Rxe2 Be6 14. f4 a5
15. b3 a4 16. b4 Nd3 17. Ndc4 Ng4 18. Be3 Ngxe5 19. Nxe5 Nxe5 20. fxe5 Bxe5 21.
Bc5 Bxc3 22. Rc1 Bd4+ 23. Bxd4 Rxd4 24. a3 Rad8 25. Rc3 Rd2 26. Kf2 Rxe2+ 27.
Kxe2 Kg7 28. Ke3 Rd1 29. Bf3 Ra1 30. e5 Bb3 31. b5 cxb5 32. Bxb7 Rxa3 33. Kd4
Ra1 34. Bc6 Rd1+ 35. Ke3 b4 36. Rc5 a3 37. Ra5 a2 0-1